| 000 | 01009cam a22003257a 4500 | ||
|---|---|---|---|
| 003 | CHAP | ||
| 005 | 20230605112011.0 | ||
| 008 | 050607d2005 mx r 00110 spa d | ||
| 010 | _a90442 | ||
| 011 | _a91414 | ||
| 020 | _a9681862341 | ||
| 035 | _a101973 | ||
| 040 | _cCHAP | ||
| 082 | 0 | 4 |
_a311.214 _bM6Y 2005 |
| 100 | 1 | 0 |
_aMontgomery, Douglas C. _977928 |
| 245 | 1 | 0 |
_aControl estadístico de la calidad _c/por Douglas C. Montgomery |
| 250 | _a3 ed. | ||
| 260 |
_aMéxico, D. F. : _bLimusa Wiley, _c2005. |
||
| 300 | _a979 p. | ||
| 590 |
_aBATCH-UPD _b10 _c20130110 _lUCH01 _h1232 |
||
| 590 |
_aBATCH-UPD _b10 _c20130410 _lUCH01 _h0802 |
||
| 590 |
_aBATCH-UPD _b10 _c20130914 _lUCH01 _h0818 |
||
| 590 |
_aCONVERSION _b10 _c20130109 _lUCH01 _h1350 |
||
| 650 | 1 | 4 |
_aCalidad _xControl de la. _917484 |
| 650 | 1 | 4 |
_aCalidad _xMétodos estadísticos. _917488 |
| 901 | _aBK | ||
| 905 | _aLilia | ||
| 942 | _cLIBRO | ||
| 949 |
_a311.214 M6Y 2005 _bBC _cLIBRO _d33724000956207 _eLIBRO _gI.c/e _h105945 _i101973 _si _t$268.00 |
||
| 999 |
_c90442 _d90442 |
||